Bilecik Bilecik Bilecik Bilecik Bilecik

Osmanlı Devleti'nde engelliler ve engelli eğitimi : (Record no. 50837)

MARC details
000 -BAŞLIK
Sabit Uzunluktaki Kontrol Alanı 01797nam a22004697a 4500
001 - KONTROL NUMARASI
Control Dosyası 0051009
003 - KONTROL NUMARASI KİMLİĞİ
Kontrol Alanı KOHA_MİRAKIL
005 - EN SON İŞLEM TARİHİ ve ZAMANI
Kontrol Alanı 20260207003749.0
007 - FİZİKSEL TANIM SABİT ALAN - GENEL BİLGİ
Sabit uzunluklu kontrol alanı ta
008 - SABİT UZUNLUKTAKİ VERİ ÖGELERİ - GENEL BİLGİ
Sabit Alan 150629b2013 tu |||gr||||#||||0|tur |
020 ## - ISBN - ULUSLARARASI STANDART KİTAP NUMARASI
Isbn 9786054326822
040 ## - KATALOGLAMA KAYNAĞI
Özgün Kataloglama Kurumu TR-BiSEU
Kataloglama Dili tur
Çeviri Kurumu TR-BiSEU
Açıklama Kuralları rda
041 0# - DİL KODU
Metin ya da ses kaydının dil kodu tur
044 ## - YAYINLAYAN/ÜRETEN KURULUŞUN ÜLKE KODU
ISO country code tu
050 ## - SINIFLAMA ve YER NUMARASI
Sınıflama Numarası HV1559.T9
Yer Numarası B35 2013
100 1# - KİŞİ ADI
Yazar Adı (Kişi adı) Balcı, Sezai .
245 1# - ESER ADI BİLDİRİMİ
Başlık Osmanlı Devleti'nde engelliler ve engelli eğitimi :
Alt Eseradı vb. sağır dilsiz ve körler mektebi/
Sorumluluk Bildirimi Sezai Balcı ; Sezai Balcı.
264 #1 - ÜRERİM, YAYIN, DAĞITIM ve TELİF BİLDİRİMİ
Yayın yeri İstanbul :
Yayınlayan Libra
Yayın tarihi 2013
300 ## - FİZİKSEL TANIMLAMA
Sayfa, Cilt vb. 224 sayfa: resimli; 23 cm.
336 ## - İÇERİK TÜRÜ
Content type term metin
Content type code txt
Source rdacontent
337 ## - MEDYA TÜRÜ
Media type term aracısız
Media type code n
Source rdamedia
338 ## - TAŞIYICI TÜRÜ
Carrier type term cilt
Carrier type code nc
Source rdacarrier
490 1# - DİZİ BİLDİRİMİ
Dizi Bildirimi Libra Kitap ;
Cilt Numarası 83.
490 1# - DİZİ BİLDİRİMİ
Dizi Bildirimi tarih Dizisi ;
Cilt Numarası 69.
500 ## - GENEL NOT
Genel Not Dizin var.
500 ## - GENEL NOT
Genel Not Kaynakça var.
650 #0 - KONU BAŞLIĞI EK GİRİŞ - KONU TERİMİ
Konusal terim veya coğrafi ad Engelliler--Türkiye--Tarih 19. yy.
9 (RLIN) 94547
650 #0 - KONU BAŞLIĞI EK GİRİŞ - KONU TERİMİ
Konusal terim veya coğrafi ad People with disabilities--Turkey--History --19th century.
9 (RLIN) 94548
650 #0 - KONU BAŞLIĞI EK GİRİŞ - KONU TERİMİ
Konusal terim veya coğrafi ad Sağırlar--Türkiye--Tarih--19. yy.
9 (RLIN) 94549
650 #0 - KONU BAŞLIĞI EK GİRİŞ - KONU TERİMİ
Konusal terim veya coğrafi ad Deaf--Turkey--History--19th century.
9 (RLIN) 94550
650 #0 - KONU BAŞLIĞI EK GİRİŞ - KONU TERİMİ
Konusal terim veya coğrafi ad Körler--Türkiye--Tarih 19. yy.
9 (RLIN) 94551
650 #0 - KONU BAŞLIĞI EK GİRİŞ - KONU TERİMİ
Konusal terim veya coğrafi ad Blind--Turkey -- History--19th century.
9 (RLIN) 94552
650 #0 - KONU BAŞLIĞI EK GİRİŞ - KONU TERİMİ
Konusal terim veya coğrafi ad Engelliler--Eğitim--Türkiye--Tarih -- 19. yy.
9 (RLIN) 94553
650 #0 - KONU BAŞLIĞI EK GİRİŞ - KONU TERİMİ
Konusal terim veya coğrafi ad People with disabilities --Education--Turkey--History
Kronolojik Alt Konu 19th century.
9 (RLIN) 94554
650 #0 - KONU BAŞLIĞI EK GİRİŞ - KONU TERİMİ
Konusal terim veya coğrafi ad Sağırlar --Eğitim --Türkiye--Tarih-- 19. yy.
9 (RLIN) 94555
650 #0 - KONU BAŞLIĞI EK GİRİŞ - KONU TERİMİ
Konusal terim veya coğrafi ad Deaf -- Education --Turkey -- History--19th century.
9 (RLIN) 94556
650 #0 - KONU BAŞLIĞI EK GİRİŞ - KONU TERİMİ
Konusal terim veya coğrafi ad Körler --Eğitim--Türkiye-- Tarih--19. yy.
9 (RLIN) 94557
650 #0 - KONU BAŞLIĞI EK GİRİŞ - KONU TERİMİ
Konusal terim veya coğrafi ad Blind --Education --Turkey--History --19th century.
9 (RLIN) 94558
830 1# - SERİ EK GİRİŞİ - TEKBİÇİM ESER ADI
Tekbiçim Başlık Libra Kitap ;
Volume number/sequential designation 83.
9 (RLIN) 65795
830 1# - SERİ EK GİRİŞİ - TEKBİÇİM ESER ADI
Tekbiçim Başlık tarih Dizisi ;
Volume number/sequential designation 69.
9 (RLIN) 94559
942 ## - EK GİRİŞ ÖGELERİ (KOHA)
Source of classification or shelving scheme Library of Congress Classification
Koha item type Book
Holdings
Materyal Türü Kalıcı Konum Mevcut Konum Raf Yeri Sınıflandırma Kaynağı Edinim Bilgisi Ana Konular Alt Konular Yer Numarası Demirbaş Numarası Fatura Tarihi Maliyet, Alış Fiyatı Maliyet, Yenileme Fiyatı Geri Çekilme Durumu Kayıp Durumu Hasarlı Durumu Kredi için değil Kayıt Tarih Toplam Ödünçverme Son Görülme Tarihi Son Kontrol Tarihi Satın Alma Notu
Book Prof. Dr. Azmi Özcan Kütüphanesi Prof. Dr. Azmi Özcan Kütüphanesi Uluğbey Salonu Library of Congress Classification Satın SOSYAL BİLİMLER Sosyal Patoloji, Sosyal ve Kamu Refahı, Kriminoloji HV1559.T9 B35 2013 0051009 07/07/2015 37.22 37.22         29/06/2015 2 05/12/2024 05/12/2024 B-984687 - B-984797